[Event "Prague Festival Future 2020"]
[Site "Prague"]
[Date "2020.02.13"]
[Round "2.4"]
[White "Klimkowski, Jan"]
[Black "Brozka, Karel"]
[Result "1-0"]
[WhiteElo "2229"]
[BlackElo "2045"]
[Annotator "TA"]
[PlyCount "53"]
[EventDate "2020.02.12"]
[EventType "tourn"]
[EventCountry "CZE"]
[SourceTitle "playchess.com"]
[Source "ChessBase"]
[SourceQuality "1"]

{[%evp 17,53,20,24,14,44,45,41,21,44,44,52,47,46,27,47,39,55,49,49,55,100,97,98,98,93,102,522,521,817,820,852,843,1968,1913,1821,1402,29974,6419]} 1. e4 c6 2. d4 d5 3. exd5 cxd5 4. c4 Nf6 5. Nc3 Nc6 6. Bg5 e6 7. Nf3 Be7 8. c5 O-O 9. Bb5 Bd7 10. O-O {B14: Caro-Kann: Panov-Botvinnik Attack with 5...e6 and 5...g6.} b6 11. Bxc6 Bxc6 12. Ne5 {White is slightly better.} Rc8 13. Nxc6 Rxc6 {[#]} 14. b4 $146 {[%cal Bb2b4,Bb4c5][%mdl 32]} ({Predecessor:} 14. Qa4 Qc7 15. Nb5 Qb7 16. Qxa7 Qxa7 17. Nxa7 Rc7 18. cxb6 Rb7 19. Nc6 Re8 20. Nxe7+ Rexe7 21. Bxf6 gxf6 {1-0 (36) Mecit,E (2047)-Emel,E Bursa 2011}) 14... bxc5 15. Qa4 Qc7 {[#] Threatens to win with ...Ng4!} 16. Nb5 Qb7 {Strongly threatening ...Ra6.} 17. bxc5 Ra6 18. Qb3 Rb8 19. Bf4 Rc8 20. Nd6 $36 {[%mdl 2048] Keeping Black busy.} Qxb3 21. axb3 Rcc6 $2 {[%mdl 8192] [#]} (21... Bxd6 $16 {is more resistant.} 22. Bxd6 Rxa1 23. Rxa1 Ne4) 22. Nc8 $1 $18 {[%mdl 576] Double Attack} Kf8 {Hoping for ...Rxa1.} (22... Rxc8 23. Rxa6) 23. Nxa7 Rxa1 24. Rxa1 e5 25. Nxc6 exf4 26. Ra8+ Ne8 27. b4 {Accuracy: White = 93%, Black = 52%.} 1-0

[Event "Prague Festival Future 2020"]
[Site "Prague"]
[Date "2020.02.13"]
[Round "2.5"]
[White "Aydin, Gulenay"]
[Black "Gurel, Ediz"]
[Result "1/2-1/2"]
[WhiteElo "1964"]
[BlackElo "2125"]
[Annotator "TA"]
[PlyCount "106"]
[EventDate "2020.02.12"]
[EventType "tourn"]
[EventCountry "CZE"]
[SourceTitle "playchess.com"]
[Source "ChessBase"]
[SourceQuality "1"]

{[%evp 19,106,11,-3,-12,-20,-29,-7,-16,-13,-15,-14,-57,-56,-58,-50,-45,-45,-52,-48,-71,-80,-90,-49,-66,-64,-66,-70,-66,-54,-87,-33,-33,-44,-37,-12,-49,-2,-8,-3,-8,0,0,0,0,0,-218,-219,-196,-196,-402,-33,-72,-36,-33,-45,-45,-71,-100,-100,-100,-104,-100,-97,-97,-97,-98,-117,-96,-101,-144,0,0,0,-116,-6,-6,-6,-6,-6,-4,-6,-18,-1,-71,-22,-19,0,-9,-6]} 1. e4 c5 2. Nf3 e6 3. c3 Nf6 4. e5 Nd5 5. d4 cxd4 6. cxd4 d6 7. a3 Bd7 8. Bd3 Bc6 9. O-O Nd7 10. Re1 Rc8 11. b4 {B22: Sicilian: 2 c3.} a6 12. Bb2 Be7 13. Nbd2 N7b6 {[%cal Bd7b6,Bb6a4,Ba4b2][%mdl 32] [#]} 14. Ne4 $146 ({Predecessor:} 14. Rc1 O-O 15. Qc2 h6 16. Qb1 Na4 17. Ba1 Ndb6 18. Ne4 d5 19. Nc5 Nc4 20. Qb3 {0-1 (40) Cotonnec,M (2399)-Kambrath,Y (2259) Paris 2014}) 14... Na4 15. exd6 Nxb2 16. dxe7 Qxe7 17. Qd2 Nxd3 18. Qxd3 O-O 19. Rad1 Bb5 20. Qd2 Rfd8 21. h3 h6 22. Rc1 Rxc1 23. Rxc1 Bc6 24. Re1 Nf6 ({Better is} 24... Nc7 $17) 25. Nxf6+ $15 Qxf6 26. Ne5 Bd5 27. Qe3 Rc8 28. Rc1 Rxc1+ 29. Qxc1 Qf5 30. Qc7 h5 31. Qe7 {Threatens to win with Qe8+.} f6 32. Qf7+ $2 (32. Nd7 $11 {and White is okay.}) 32... Kh7 $19 33. Nd7 {[#] Strongly threatening Nf8+.} Qg5 $1 {[%csl Gd5][%cal Rg5g2][%mdl 512]} 34. f3 $2 (34. Nxf6+ Qxf6 35. Qxh5+ Qh6 36. Qxh6+ Kxh6 37. Kh2) 34... Kh6 $2 (34... Bxf3 $1 $19 {[%csl Gf3][%cal Rg5g2]} 35. Nxf6+ Qxf6 36. Qxf6 gxf6 37. gxf3 Kg6) 35. Kh2 Qf4+ (35... Bc4 $5 {[%cal Rc4f1]} 36. Kg1 Bd5 $17) 36. Kh1 Qc1+ 37. Kh2 Qc7+ 38. Kh1 {[#]} Bc6 $1 $36 {[%mdl 2048] Black is really pushing.} 39. Ne5 {[%csl Ge5][%cal Rf7g6]} Qxf7 40. Nxf7+ $17 {[%mdl 4096] Endgame KB-KN} Kg6 41. Nd6 Kg5 42. Kg1 Kf4 43. Kf2 {And now h4 would win.} h4 44. Nc4 Bb5 45. Nd6 Bc6 46. Nc4 $1 {[#]} g5 (46... e5 $1 $17 47. dxe5 fxe5) 47. Ne3 $11 Bb5 48. Ng4 $1 Kf5 49. Ne3+ Kg6 50. Ng4 Kf7 51. Nh6+ (51. f4 $11) 51... Kg7 (51... Kf8 $5 {[%cal Rf6f5]} 52. Ng4 Kf7 $11) 52. Ng4 Bd3 53. Ke3 Bf1 {Accuracy: White = 71%, Black = 70%.} 1/2-1/2

[Event "Prague Festival Future 2020"]
[Site "Prague"]
[Date "2020.02.14"]
[Round "3.1"]
[White "Gurel, Ediz"]
[Black "Nadzamova, Viktoria"]
[Result "1/2-1/2"]
[WhiteElo "2125"]
[BlackElo "1960"]
[Annotator "TA"]
[PlyCount "65"]
[EventDate "2020.02.12"]
[EventType "tourn"]
[EventCountry "CZE"]
[SourceTitle "playchess.com"]
[Source "ChessBase"]
[SourceQuality "1"]

{[%evp 25,65,0,4,0,0,0,0,0,0,-14,22,56,33,-1,37,26,152,-44,-38,-120,-74,-163,-159,-169,-139,-130,-130,-141,-132,-140,-144,-131,-124,-142,-161,-223,-174,-178,0,-214,0,-155]} 1. e4 c5 2. Nf3 e6 3. d4 cxd4 4. Nxd4 a6 5. Nc3 Qc7 6. g3 Bb4 7. Bd2 Nf6 8. Bg2 Nc6 9. Nb3 O-O 10. O-O Be7 11. f4 d6 12. Be3 b5 13. a3 Bb7 14. g4 {B80: Sicilian Scheveningen: 6 g3 and 6 Be3, including English Attack.} Nd7 15. g5 Nb6 16. f5 {And now f6 would win.} Nc4 {[#]} 17. Bc1 $146 ({Predecessor:} 17. Qe2 Nxe3 18. Qxe3 Ne5 19. f6 Bd8 20. Qh3 Re8 21. Qh5 a5 22. Kh1 b4 23. Nb5 Qd7 24. a4 {1-0 (50) Carrasco Sagredo,M (2079)-Diez Machin,V (2081) Alfas del Pi 2005}) 17... N6e5 18. f6 Bd8 $1 19. fxg7 Re8 20. Kh1 Nxa3 {[#]} (20... Ng6 $11 {remains equal.}) 21. bxa3 $2 ({But not} 21. Rxa3 $6 b4 $16) (21. Na5 $1 $16 Qxa5 22. Rxa3) 21... Qxc3 $15 22. Bf4 (22. a4 $1 $15) 22... Nc4 23. Rf3 (23. Nd4 $17 Bb6 24. Ne2 Qxg7 25. Ng3) 23... Qxg7 $19 24. Rh3 e5 ({Wrong is} 24... Bxg5 $2 25. Bxg5 Qxg5 26. Rg3 $18) 25. Bc1 Re6 {Strongly threatening ...Rg6.} ({Don't blunder} 25... Bxg5 $2 26. Bxg5 Re6 27. Qh5 $18) 26. Rg3 Rc8 27. a4 Bb6 28. axb5 axb5 29. Qg4 Rd8 30. Rd3 (30. Qe2 {was necessary.}) 30... Qg6 31. Rh3 Qg7 32. Rd3 $1 Qg6 33. Rh3 $1 {Accuracy: White = 61%, Black = 52%.} 1/2-1/2

[Event "Prague Festival Future 2020"]
[Site "Prague"]
[Date "2020.02.14"]
[Round "3.2"]
[White "Brozka, Karel"]
[Black "Aydin, Gulenay"]
[Result "0-1"]
[WhiteElo "2045"]
[BlackElo "1964"]
[Annotator "TA"]
[PlyCount "174"]
[EventDate "2020.02.12"]
[EventType "tourn"]
[EventCountry "CZE"]
[SourceTitle "playchess.com"]
[Source "ChessBase"]
[SourceQuality "1"]

{[%evp 15,174,35,65,61,100,66,70,46,62,50,61,68,79,80,101,27,32,34,30,30,35,40,36,56,49,40,114,72,79,70,70,54,99,41,41,33,54,48,77,40,51,0,0,0,114,104,114,102,110,103,110,108,128,133,143,81,155,0,188,131,125,128,152,79,134,103,129,122,110,124,130,138,157,34,100,104,97,103,82,58,100,85,111,92,99,102,115,47,92,0,0,-61,-8,-36,-50,-260,-253,-330,-295,-535,-519,-5745,-6273,-6127,-6175,-6211,-5621,-5335,-5281,-2601,-1163,-29948,-29955,-29956,-10707,-29963,-29964,-29971,-29973,-29972,-29973,-29974,-29975,-29975,-29976,-29976,-29976,-29977,-29978,-29978,-29976,-29976,-29974,-29977,-29978,-29978,-29979,-29979,-29978,-29980,-29981,-29981,-29982,-29982,-29982,-29983,-29984,-29984,-29985,-29985,-29986,-29986,-29987,-29987,-29988,-29988,-29989,-29990,-29991,-29991,-906]} 1. d4 Nf6 2. Nf3 g6 3. c4 Bg7 4. Nc3 O-O 5. e4 d6 6. Be2 Bg4 7. Be3 Nfd7 8. Qd2 c5 9. d5 {E91: King's Indian: Classical: 6 Be2, unusual replies including 6...c5 and 6...Bg4.} Na6 10. O-O Nc7 11. h3 {White is slightly better.} Bxf3 12. Bxf3 a6 13. Be2 Rb8 14. a4 e6 {[#]} 15. f4 $146 (15. Bg5 $16 Qe8 16. Rae1) ({Predecessor:} 15. dxe6 Nxe6 16. Qxd6 Nd4 17. Rad1 Be5 18. Qd5 Qc7 19. f4 Rbd8 20. fxe5 Nxe5 21. Rxd4 cxd4 22. Bxd4 {0-1 (50) Bakre,T (2462)-Deepan Chakkravarthy,J (2481) Bhubaneswar 2016}) 15... exd5 $11 16. exd5 Re8 {[#] Hoping for ...Rxe3!} 17. Bf2 Nf6 18. a5 b5 {Threatens to win with ...b4.} 19. axb6 $1 Rxb6 20. Bd3 Qd7 (20... Nd7 $14) 21. Bh4 Reb8 22. Ra2 Nce8 23. Re1 Qb7 {[%cal Rb6b2]} 24. Re2 (24. Bc2 $16) 24... Nd7 $14 25. g4 Rb4 26. Qc2 Nb6 27. Re7 Qc8 $1 28. b3 (28. Qe2 $14) 28... Nd7 $11 29. Ra3 Bf8 (29... Qd8 $1 $11 {keeps the balance.}) 30. Re1 $36 {[%mdl 2048] White is really pushing.} Bg7 31. Ne4 Qb7 {[%cal Rb4b3]} 32. Nd2 Bd4+ 33. Kg2 Qc8 34. Nf3 Bg7 35. Re7 (35. Re2 $142) 35... Bf8 (35... Bf6 $142) 36. Re1 $2 (36. Re2 $16) 36... Qb7 $2 (36... Bg7 $1 $11 {and Black has nothing to worry.}) 37. Nd2 ({White should play} 37. f5 $18) 37... Bg7 38. Bg3 Bd4 39. Bf2 ({Better is} 39. Be2) 39... Bg7 (39... Bxf2 $142 40. Kxf2 Qc8) 40. Be4 Qb6 41. h4 a5 42. h5 {[%cal Rh5g6]} Qd8 43. g5 Nf8 44. Re3 (44. h6 $16 Bh8 45. Re2) 44... a4 (44... Bd4 $14) 45. Rxa4 Rxa4 46. bxa4 Rb2 47. Qd3 Bd4 48. Re2 Bxf2 49. Kxf2 gxh5 50. Qc3 Rb4 51. Qe3 (51. Bc2 $16) 51... Ng7 52. f5 (52. Bc2 $16) 52... f6 $11 53. Nf3 (53. Bd3 $11 fxg5 54. Qe7 Qxe7 55. Rxe7) 53... Rxc4 (53... Rxa4 $15 54. Qc3 Nd7) 54. gxf6 (54. a5 $5) 54... Qxf6 55. Ng5 $2 ({White should try} 55. Ra2 $15) 55... Rxa4 $19 (55... Nxf5 56. Qf4 $17) 56. Ne6 Nxf5 {( -> ...Qh4+)} ({Don't play} 56... Nfxe6 57. dxe6 Qh4+ 58. Kf1) 57. Qf3 $2 (57. Qf4 Nd7 58. Kg1 Ra1+ 59. Kh2) 57... Nxe6 58. dxe6 {[#]} (58. Qxf5 $142 Qxf5+ 59. Bxf5 Rf4+ 60. Kg3 Rxf5 61. Rxe6 Rxd5 62. Re4) 58... Qd4+ $1 59. Kf1 Ra1+ 60. Re1 Rxe1+ 61. Kxe1 Qe3+ 62. Qxe3 Nxe3 63. Bxh7+ {[%mdl 4096] Endgame KB-KN} Kf8 ({But not} 63... Kxh7 $2 64. e7 $18) 64. Bg6 h4 65. Kf2 Ng4+ {Black mates.} 66. Kg2 Ke7 67. Kh3 Nh6 68. Kxh4 Kxe6 69. Kg5 Nf7+ 70. Kf4 Nd8 71. Ke4 d5+ 72. Ke3 Ke5 73. Bh7 Ne6 74. Bg6 Nd4 75. Bh7 c4 76. Bg6 Nc6 77. Kd2 Kd4 78. Bh7 Kc5 79. Kc2 Kb4 80. Bg8 d4 81. Bh7 Ne5 82. Bf5 d3+ 83. Kd2 c3+ 84. Kc1 Kb3 85. Be6+ Nc4 86. Bf5 d2+ 87. Kd1 Ne3+ {[%mdl 64] Double Attack. Accuracy: White = 58%, Black = 82%.} 0-1

[Event "Prague Festival Future 2020"]
[Site "Prague"]
[Date "2020.02.14"]
[Round "3.3"]
[White "Finek, Vaclav"]
[Black "Kanov, Nikola"]
[Result "1/2-1/2"]
[WhiteElo "2220"]
[BlackElo "2129"]
[Annotator "TA"]
[PlyCount "121"]
[EventDate "2020.02.12"]
[EventType "tourn"]
[EventCountry "CZE"]
[SourceTitle "playchess.com"]
[Source "ChessBase"]
[SourceQuality "1"]

{[%evp 22,121,44,35,52,49,38,39,37,50,74,77,70,60,67,62,68,64,61,51,80,73,82,72,98,58,59,29,25,27,221,220,221,241,231,190,177,180,180,173,182,47,57,72,73,41,66,41,41,45,64,50,54,57,65,26,34,20,96,114,86,109,109,77,121,81,75,83,128,139,195,38,30,17,614,27,28,0,0,0,0,0,0,6,20,0,0,0,0,0,18,0,0,0,0,0,0,0,0,0,0,0]} 1. Nf3 Nf6 2. c4 c5 3. g3 g6 4. Bg2 Bg7 5. O-O O-O 6. Nc3 Nc6 7. d4 cxd4 8. Nxd4 Nxd4 9. Qxd4 d6 10. Qd3 Nd7 11. b3 {[%cal Bb2b3,Bb3b4][%mdl 32]} Nc5 12. Qd2 Rb8 {is the legacy move (12...Bd7). A39: Symmetrical English vs ...g6: 4 Bg2 Bg7 5 Nf3 Nf6 6 0-0 0-0 7 d4.} 13. Bb2 a6 {[#]} 14. b4 $146 ({Predecessor:} 14. Nd5 Bxb2 15. Qxb2 b5 16. cxb5 axb5 17. Rac1 Bb7 18. Rfd1 Bxd5 19. Bxd5 Nd7 20. h4 {½-½ (54) Sasikiran,K (2670)-Arkell,K (2521) Hastings 2002}) 14... Nd7 {White is slightly better.} 15. Rac1 Ne5 16. Nd5 Be6 17. f4 Bxd5 18. Bxd5 Nd7 19. Bxg7 Kxg7 20. Bg2 Qb6+ 21. c5 Qa7 22. Kh1 Nf6 23. cxd6 Rfd8 24. e4 Rxd6 25. Qe2 $36 {[%mdl 2048] Threatens to win with e5. White has some pressure.} Rbd8 $2 (25... Rdd8 $11 {and Black is okay.}) 26. e5 $1 $18 {[%csl LRd6,LRf6][%mdl 64] [#] Double Attack} Rd2 27. exf6+ exf6 28. Qc4 b5 29. Qc5 Qd7 30. Rc2 Qe6 31. f5 ({White should play} 31. h4 $18) 31... Qe2 $1 $14 {[%csl Gd2][%cal Re2g2] [#]} 32. Rxd2 Rxd2 {[%csl Gd2][%cal Re2g2]} 33. Rg1 Rxa2 34. fxg6 hxg6 35. Qc6 Qb2 36. Qd7 Qf2 37. Qd6 Qb2 38. h4 Qf2 39. Kh2 Rb2 (39... Rd2 $11 {keeps the balance.} 40. Qc5 (40. Qxa6 Rd3 $11) 40... Qe2) 40. Qxa6 $16 Rxb4 41. Rf1 Qb2 42. Qd6 Ra4 43. Re1 Rd4 44. Qc6 Rd2 45. Re7 b4 (45... f5 $16 46. Rb7 f4) 46. Qa8 $2 (46. Rb7 $18) 46... Re2 $1 $14 {[%cal Re2e7]} 47. Ra7 {Strongly threatening Qd5.} b3 $2 {[%mdl 8192]} (47... Qe5 $11) 48. Qb7 $2 (48. Qd5 $18 Rxg2+ 49. Qxg2) 48... Kh6 $1 $11 49. Kh3 Qe5 {The position is equal.} 50. Qc8 {[%cal Rc8h8]} Qe6+ 51. Qxe6 fxe6 {[%mdl 4096] Endgame KRB-KR} 52. Rb7 b2 53. g4 Re3+ 54. Kh2 g5 55. h5 (55. Rxb2 {is more complex.} gxh4 56. Rb8 Kg5 57. Rg8+ Kf4 58. Rg6) 55... f5 56. Rxb2 {Black must now prevent Bc6.} fxg4 57. Kg1 g3 58. Kf1 Kxh5 59. Re2 Rxe2 60. Kxe2 Kg4 61. Ke3 {Accuracy: White = 64%, Black = 74%.} 1/2-1/2

[Event "Prague Festival Future 2020"]
[Site "Prague"]
[Date "2020.02.14"]
[Round "3.4"]
[White "Vagman, Roy"]
[Black "Klimkowski, Jan"]
[Result "1-0"]
[WhiteElo "2141"]
[BlackElo "2229"]
[Annotator "RC"]
[PlyCount "91"]
[EventDate "2020.02.12"]
[EventType "tourn"]
[EventCountry "CZE"]
[SourceTitle "playchess.com"]
[Source "ChessBase"]
[SourceQuality "1"]
[TimeControl "40/5400+30:1800+30"]

1. d4 {[%emt 0:00:00]} Nf6 {[%emt 0:00:00]} 2. c4 {[%emt 0:00:00]} g6 {[%emt 0:00:00]} 3. Nc3 {[%emt 0:00:00]} Bg7 {[%emt 0:00:00]} 4. e4 {[%emt 0:00:13]} d6 {[%emt 0:00:00]} 5. Nf3 {[%emt 0:00:30]} O-O {[%emt 0:00:08]} 6. Be2 {[%emt 0:00:08]} e5 {[%emt 0:00:10]} 7. O-O {[%emt 0:00:24]} Nc6 {[%emt 0:00:06]} 8. d5 {[%emt 0:00:14]} Ne7 {[%emt 0:00:08]} 9. Ne1 {[%emt 0:00:26]} Ne8 {[%emt 0:00:41]} 10. f3 {[%emt 0:00:21]} f5 {[%emt 0:00:21]} 11. g4 {[%emt 0:01:00]} Nf6 {[%emt 0:03:56]} 12. Nd3 {[%emt 0:07:07]} Qd7 {[%emt 0:03:27]} 13. exf5 {[%emt 0:28:55]} gxf5 {[%emt 0:00:36]} 14. g5 {[%emt 0:00:01]} Ne8 {[%emt 0:03:59]} 15. f4 {[%emt 0:00:19]} Ng6 {[%emt 0:02:39]} 16. Be3 {[%emt 0:02:32]} e4 {[%emt 0:09:25]} 17. Ne1 {[%emt 0:06:55]} c5 {[%emt 0:00:55]} 18. Ng2 {[%emt 0:10:43]} Nc7 {[%emt 0:03:36]} 19. Rb1 {[%emt 0:07:26]} a6 {[%emt 0:04:14]} 20. Na4 {[%emt 0:01:57]} Rb8 {[%emt 0:06:34]} 21. b4 {[%emt 0:02:52]} Bd4 {[%emt 0:06:52]} 22. bxc5 {[%emt 0:13:32]} dxc5 {[%emt 0:00:29]} 23. Nxc5 {[%emt 0:10:48]} Bxe3+ {[%emt 0:01:33]} 24. Nxe3 {[%emt 0:00:01]} Qd6 {[%emt 0:03:32]} 25. Nb3 {[%emt 0:00:01]} Nxf4 {[%emt 0:05:08]} 26. c5 {[%emt 0:00:02]} Nxe2+ {[%emt 0:04:25]} 27. Qxe2 {[%emt 0:00:01]} Qg6 {[%emt 0:01:37]} 28. Rf4 {[%emt 0:01:31]} h6 {[%emt 0:03:33]} 29. Qg2 {[%emt 0:03:04]} hxg5 {[%emt 0:01:59]} 30. h4 {[%emt 0:00:01]} b6 {[%emt 0:07:59]} 31. c6 {[%emt 0:01:25]} Kh7 {[%emt 0:02:09]} 32. hxg5 {[%emt 0:01:54]} Nb5 {[%emt 0:01:51]} 33. a4 {[%emt 0:01:08]} Nc7 {[%emt 0:03:30]} 34. Rh4+ {[%emt 0:00:42]} Kg8 {[%emt 0:00:50]} 35. Rh6 {[%emt 0:00:05]} Qg7 {[%emt 0:01:29]} 36. d6 {[%emt 0:00:27]} Ne6 {[%emt 0:01:05]} 37. Nd5 {[%emt 0:00:33]} Qe5 {[%emt 0:04:43]} 38. Nf6+ {[%emt 0:01:07]} Kg7 {[%emt 0:01:49]} 39. Rh7+ {[%emt 0:00:08]} Kg6 {[%emt 0:00:05]} 40. Qh3 {[%emt 0:00:00]} f4 {[%emt 0:00:00]} 41. Qh5+ {[%emt 0:06:17]} Kf5 {[%emt 0:00:30]} 42. Rh6 {[%emt 0:02:52]} Qc3 {[%emt 0:03:47]} 43. Qg6+ {[%emt 0:01:31]} Ke5 {[%emt 0:00:12]} 44. Qxe4+ {[%emt 0:00:22]} Kxd6 {[%emt 0:00:04]} 45. Rd1+ {[%emt 0:00:10]} Ke7 {[%emt 0:00:29]} 46. Nd5+ {[%emt 0:01:13]} 1-0

[Event "Prague Festival Future 2020"]
[Site "Prague"]
[Date "2020.02.14"]
[Round "3.5"]
[White "Nemec, Jachym"]
[Black "Chinguun Bayaraa"]
[Result "1-0"]
[WhiteElo "2069"]
[BlackElo "2049"]
[Annotator "TA"]
[PlyCount "99"]
[EventDate "2020.02.12"]
[EventType "tourn"]
[EventCountry "CZE"]
[SourceTitle "playchess.com"]
[Source "ChessBase"]
[SourceQuality "1"]

{[%evp 14,99,35,21,47,32,66,55,77,59,88,89,78,79,81,71,65,19,19,19,17,22,22,19,19,16,216,187,182,172,210,139,133,166,154,131,158,166,178,158,172,158,152,152,172,158,241,223,310,308,327,332,360,322,431,427,421,419,504,505,514,445,482,443,458,0,485,499,482,460,536,535,531,513,505,489,490,490,483,482,709,671,29967,1234,29994,29995,29998,29999]} 1. e4 c5 2. Nf3 d6 3. d4 cxd4 4. Nxd4 Nf6 5. Nc3 a6 6. h3 g6 7. g4 Bg7 8. Bg2 O-O {B90: Sicilian Najdorf: Unusual White 6th moves, 6 Be3 Ng4 and 6 Be3 e5.} 9. O-O Nbd7 10. Be3 Ne5 {White is slightly better.} 11. Qe2 Bd7 12. f4 Nc6 {[#]} 13. Nb3 $146 ({Predecessor:} 13. Rfd1 Rc8 14. e5 Ne8 15. Nd5 dxe5 16. Nxc6 Rxc6 17. Kh1 exf4 18. Bb6 Rxb6 19. Nxb6 {0-1 (50) Czernek,T (1773)-Maj,P (2129) Warsaw 2015}) 13... Rb8 14. Rad1 Qc8 15. e5 (15. Na4 {is more complex.} b5 16. Nb6 Qc7 17. Nxd7 Nxd7 18. c3) 15... dxe5 16. fxe5 Nxg4 $1 17. hxg4 Bxg4 18. Bf3 Nxe5 19. Bxg4 Nxg4 $2 (19... Qxg4+ $11 {and Black stays safe.} 20. Qxg4 Nxg4) 20. Nd5 $18 Kh8 21. Ba7 h5 22. Bxb8 Qxb8 23. Rf3 e6 {[#]} 24. Ne3 $1 {Black must now prevent Nxg4.} Ne5 25. Rh3 b5 26. Nd4 Qa7 27. c3 Kg8 28. Kh1 Qe7 29. Qg2 Qc7 (29... b4 $16 30. Nc6 Nxc6) 30. Rg1 Nd3 {Black wants to play ...Nf4.} 31. Nd5 {[%mdl 64] Discovered Attack} exd5 32. Rxd3 Re8 33. Nf5 Qc4 34. Nxg7 Kxg7 35. Rd4 Qc7 36. Rxd5 Qf4 {intending ...Qh4+.} 37. Rd4 Qe3 38. Qg3 Qe2 39. Qg2 Qe3 $1 40. Rf1 Re7 41. Qf3 Qg5 42. Rf4 Kg8 43. Qd3 {Threatens to win with Qd8+.} f5 44. Qf3 Kh7 45. Rg1 Qf6 46. Rd4 Kh6 (46... Qe6 $142 47. Qg3 Qc6+ 48. Rg2 Qf6) 47. Qf4+ g5 {[#]} 48. Rd6 (48. Rxg5 $142 $1 {[%mdl 512]} Qe5 (48... Qxg5 49. Rd6+) 49. Rd6+ Qxd6 50. Qxd6+ Kxg5 51. Qxe7+ Kg4 52. Kg2 f4 53. Qe6+ Kg5 54. Kf3) 48... Re6 49. Rxe6 {[%mdl 64] Overworked Piece} Qxe6 50. Qxg5+ {Accuracy: White = 87%, Black = 54%.} 1-0

[Event "Prague Festival Future 2020"]
[Site "Prague"]
[Date "2020.02.15"]
[Round "4.1"]
[White "Klimkowski, Jan"]
[Black "Nemec, Jachym"]
[Result "1/2-1/2"]
[WhiteElo "2229"]
[BlackElo "2069"]
[Annotator "ChessBase"]
[PlyCount "125"]
[EventDate "2020.02.12"]
[EventType "tourn"]
[EventCountry "CZE"]
[SourceTitle "playchess.com"]
[Source "ChessBase"]
[SourceQuality "1"]
[TimeControl "40/5400+30:1800+30"]

1. e4 {[%emt 0:00:00]} c5 {[%emt 0:00:00]} 2. Nf3 {[%emt 0:00:00]} Nc6 {[%emt 0:00:00]} 3. d4 {[%emt 0:00:00]} cxd4 {[%emt 0:00:00]} 4. Nxd4 {[%emt 0:00:00]} Nf6 {[%emt 0:00:03]} 5. Nc3 {[%emt 0:00:00]} e5 {[%emt 0:00:06]} 6. Ndb5 {[%emt 0:00:01]} d6 {[%emt 0:00:10]} 7. Bg5 {[%emt 0:00:21]} a6 {[%emt 0:00:07]} 8. Na3 {[%emt 0:00:05]} b5 {[%emt 0:00:06]} 9. Nd5 {[%emt 0:00:06]} Be7 {[%emt 0:00:06]} 10. Bxf6 {[%emt 0:00:06]} Bxf6 {[%emt 0:00:07]} 11. c3 {[%emt 0:00:03]} O-O {[%emt 0:00:16]} 12. Nc2 {[%emt 0:00:08]} Rb8 {[%emt 0:00:07]} 13. a4 {[%emt 0:03:23]} bxa4 {[%emt 0:00:17]} 14. Ncb4 {[%emt 0:05:27]} Nxb4 {[%emt 0:00:08]} 15. cxb4 {[%emt 0:04:34]} Bb7 {[%emt 0:00:18]} 16. Rxa4 {[%emt 0:03:41]} Qc8 {[%emt 0:00:11]} 17. Be2 {[%emt 0:10:35]} Bxd5 {[%emt 0:00:48]} 18. exd5 {[%emt 0:00:28]} Rb6 {[%emt 0:00:13]} 19. O-O {[%emt 0:01:26]} Qb7 {[%emt 0:00:26]} 20. b3 {[%emt 0:05:04]} Rxb4 {[%emt 0:03:55]} 21. Bxa6 {[%emt 0:01:37]} Qb6 {[%emt 0:00:40]} 22. Rxb4 {[%emt 0:03:02]} Qxb4 {[%emt 0:00:17]} 23. Bc4 {[%emt 0:00:36]} Ra8 {[%emt 0:01:19]} 24. Qg4 {[%emt 0:00:35]} g6 {[%emt 0:10:13]} 25. h4 {[%emt 0:05:59]} h5 {[%emt 0:06:46]} 26. Qe4 {[%emt 0:01:44]} Qd2 {[%emt 0:01:31]} 27. g3 {[%emt 0:03:50]} Ra2 {[%emt 0:02:25]} 28. Qe1 {[%emt 0:06:27]} Bd8 {[%emt 0:07:13]} 29. Qxd2 {[%emt 0:01:29]} Rxd2 {[%emt 0:00:06]} 30. Re1 {[%emt 0:00:04]} Bb6 {[%emt 0:00:09]} 31. Re2 {[%emt 0:00:05]} Rxe2 {[%emt 0:00:16]} 32. Bxe2 {[%emt 0:03:35]} Bc5 {[%emt 0:02:43]} 33. Kg2 {[%emt 0:00:24]} Kg7 {[%emt 0:01:37]} 34. f3 {[%emt 0:02:17]} f5 {[%emt 0:02:10]} 35. Bb5 {[%emt 0:03:03]} Kf6 {[%emt 0:00:14]} 36. Be8 {[%emt 0:00:07]} Bb4 {[%emt 0:00:30]} 37. Kf2 {[%emt 0:01:16]} Bc5+ {[%emt 0:00:12]} 38. Ke2 {[%emt 0:00:59]} Bb4 {[%emt 0:02:01]} 39. Bd7 {[%emt 0:07:34]} Bc5 {[%emt 0:01:00]} 40. Be8 {[%emt 0:00:00]} Bb4 {[%emt 0:00:00]} 41. Kf2 {[%emt 0:02:01]} Bc5+ {[%emt 0:00:36]} 42. Kg2 {[%emt 0:00:20]} Bb4 {[%emt 0:03:18]} 43. Kh3 {[%emt 0:04:29]} Be1 {[%emt 0:00:19]} 44. Bd7 {[%emt 0:03:45]} Ke7 {[%emt 0:00:42]} 45. Be6 {[%emt 0:00:20]} Kf6 {[%emt 0:00:05]} 46. Bc8 {[%emt 0:03:51]} Ke7 {[%emt 0:00:52]} 47. Be6 {[%emt 0:00:05]} Kf6 {[%emt 0:00:13]} 48. Bd7 {[%emt 0:00:03]} Ke7 {[%emt 0:00:08]} 49. Bc8 {[%emt 0:00:04]} Kd8 {[%emt 0:00:31]} 50. Be6 {[%emt 0:01:50]} Ke7 {[%emt 0:00:08]} 51. g4 {[%emt 0:02:49]} fxg4+ {[%emt 0:00:25]} 52. fxg4 {[%emt 0:00:11]} hxg4+ {[%emt 0:00:05]} 53. Kxg4 {[%emt 0:01:20]} Kf6 {[%emt 0:00:06]} 54. Bd7 {[%emt 0:00:28]} Bb4 {[%emt 0:00:07]} 55. Bb5 {[%emt 0:00:27]} Be1 {[%emt 0:00:09]} 56. Bd3 {[%emt 0:00:03]} Bb4 {[%emt 0:00:10]} 57. Bc2 {[%emt 0:00:19]} Be1 {[%emt 0:00:11]} 58. Be4 {[%emt 0:00:03]} Bb4 {[%emt 0:00:16]} 59. Kf3 {[%emt 0:00:57]} Be1 {[%emt 0:00:12]} 60. Ke2 {[%emt 0:00:57]} Bxh4 {[%emt 0:00:18]} 61. b4 {[%emt 0:00:03]} Ke7 {[%emt 0:00:09]} 62. Bxg6 {[%emt 0:00:06]} Kd7 {[%emt 0:00:06]} 63. Ke3 1/2-1/2